000 00845cab a2200217 4500
001 WB3043-50
008 090401t1994 xxu||||| |||| 00| 0 eng d
035 _a(Sirsi) u4283
041 _aeng
245 _aTrade mission to India
260 _c1994
350 _a0
490 _aDepartment of Trade and Industry Press Notice
_v(P/94/694) 17 November 1994 (2)
520 _aThe Trade Minister, Richard Needham, has launched a scheme to help restore some of the historic monuments of India to their former splendor. The restoration is to be run on the basis of sponsorship form British and Indian companies as part of the Indo Brirish Partnership (IBP).
650 _aHISTORIC BUILDINGS
650 _aHISTORIC MONUMENTS
650 _aINDO BRITISH PARTNERSHIP
690 _aOVERSEAS-REST OF THE WORLD
942 _n0
948 _c04/03/1997
999 _c2567
_d2567